Understanding business ethics.
| Main Author: | |
|---|---|
| Other Authors: | |
| Format: | Book |
| Published: |
California:
Sage Publications,
2014.
|
| Edition: | 2nd ed.. |
| Subjects: |
| LEADER | 00453cam a2200169 7i4500 | ||
|---|---|---|---|
| 001 | 0000030615 | ||
| 005 | 20220119090000.0 | ||
| 020 | 0 | 0 | |a 9781452256559 |
| 090 | 0 | 0 | |a B 174.4 |b STA |
| 100 | 1 | 0 | |a Stanwick |
| 245 | 1 | 0 | |a Understanding business ethics. |
| 250 | 0 | 0 | |a 2nd ed.. |
| 260 | 0 | 0 | |a California: |b Sage Publications, |c 2014. |
| 300 | # | # | |a 556 p. |
| 650 | 0 | 0 | |a Business ethics |
| 700 | 1 | 0 | |a Stanwick, |h Sarah |
| 999 | |a B000033867 |b Book |c Book |e Business Information Centre | ||


